Tạp chí Thông tin và tư liệu

Đã lưu trong:
书目详细资料
主要作者: Bộ Khoa học và Công nghệ
格式: 图书
语言:Undetermined
出版: Hà Nội
主题:
在线阅读:http://lrc.tdmu.edu.vn/opac/search/detail.asp?aID=2&ID=6829
标签: 添加标签
没有标签, 成为第一个标记此记录!
Thư viện lưu trữ: Trung tâm Học liệu Trường Đại học Thủ Dầu Một
LEADER 00632nam a2200157Ia 4500
001 TDMU_6829
008 210410s9999 xx 000 0 und d
082 |a NULL 
100 |a Bộ Khoa học và Công nghệ 
245 0 |a Tạp chí Thông tin và tư liệu 
245 0 |c Bộ Khoa học và Công nghệ. Cục thông tin khoa học và Công nghệ quốc gia 
260 |a Hà Nội 
300 |a 48tr 
650 |a Tạp chí Thông tin và tư liệu  
856 |u http://lrc.tdmu.edu.vn/opac/search/detail.asp?aID=2&ID=6829 
980 |a Trung tâm Học liệu Trường Đại học Thủ Dầu Một